Chappell Roan - My Kink is Karma (All lyrics) - Statistics

General Stats
  • This quiz has been taken 277 times
  • The average score is 327 of 395
Answer Stats
Answer % Correct
I
100%
a
99%
my
99%
you
99%
You
99%
your
98%
(your
98%
kink
96%
is
95%
me
94%
it
93%
karma
93%
Karma
93%
on
93%
ruin
93%
We
93%
broke
92%
It's
92%
it's
92%
the
92%
and
91%
And
91%
but
91%
But
91%
i'm
91%
I'm
91%
out
91%
Tuesday
91%
up
91%
when
91%
Kicked
90%
kicked
90%
watching
90%
You're
90%
you're
90%
jealous
89%
People
88%
say
88%
Who
87%
who
87%
with
87%
car
86%
In
86%
in
86%
life
86%
get
84%
be
81%
credit
81%
getting
81%
of
81%
Oh
81%
oh
81%
hot
80%
hot,
80%
losing
80%
care
78%
cute
78%
god,
78%
god
78%
Stole
78%
hair
77%
hair)
77%
Ruined
77%
that
77%
aesthetic
76%
eighteen
76%
have
76%
house
76%
crashing
75%
mind
75%
thinking
75%
back
74%
front
74%
parents
74%
from
73%
girls
73%
knew
73%
meltdown
73%
heard
72%
to
72%
lately
71%
running
71%
Katie
70%
Moved
70%
rent
70%
are
69%
as
69%
date
69%
let
69%
No
69%
we'd
69%
bad
68%
mouth
68%
comical,
67%
ended
67%
turn
67%
way
67%
Yeah,
67%
yeah,
67%
yeah
67%
April
65%
around
65%
better
65%
coming
65%
sweater
65%
'cause
64%
doing
64%
months
64%
real,
64%
Six
64%
worst
64%
gucci
63%
heart
63%
burn
62%
fake
62%
foreplay
62%
since
62%
Wishing
62%
best
61%
breaking
61%
karma's
61%
dyeing
60%
hateful
60%
If
60%
need
60%
bridges
59%
drinking
59%
hope
59%
off
59%
using
59%
distress
58%
downtown
58%
called
57%
payed
51%
pissed
46%
know
45%
going
43%
hell
41%
so
41%
yourself
40%
through
39%
caught
38%
feeling
38%
hating
38%
myself
35%
No matching quizzes found
Score Distribution
Percent of People with Each Score
Percentile by Number Answered
Your Score History
You have not taken this quiz